000 00566nam a2200181 a 4500
001 3882
005 20140414131858.0
008 040202s19uu xx 00 eng d
020 _a97150-8022-7
050 _aFIL
_bP21 1995
100 _aAlmario, Virgilio S.
245 0 _aParadise of the animals :
_cStory by Virgilio Almario ; illustrated by Joanne de Leon.
_bfor peace in the world /
260 _bAdarna Book Services,
_c1995.
_aQC, Philippines :
300 _a1 v. p. : ill. ; cm.
440 _aAdarna books
650 _aAnimals
_xFiction.
999 _c110551
_d110551